Tư tưởng Hồ Chí Minh về con người và về chính sách xã hội
v.v...
Đã lưu trong:
| Tác giả chính: | |
|---|---|
| Định dạng: | Sách |
| Năm xuất bản: |
H.
Chính trị Quốc gia
1996
|
| Chủ đề: | |
| Tags: |
Thêm thẻ
Không có thẻ, Hãy là người đầu tiên gắn thẻ bản ghi này!
|
| LEADER | 01378nam a2200217 4500 | ||
|---|---|---|---|
| 082 | |a 335.4346 |b T550t. | ||
| 100 | |a Lê Sỹ Thắng | ||
| 245 | |a Tư tưởng Hồ Chí Minh về con người và về chính sách xã hội |c Lê Sỹ Thắng chủ biên, Hoàng Tùng, Nguyễn Trọng Chuẩn, Bùi Đình Thanh | ||
| 260 | |a H. |b Chính trị Quốc gia |c 1996 | ||
| 300 | |a 142 tr. |c 19 cm | ||
| 520 | |a v.v... | ||
| 653 | |a Tư tưởng Hồ Chí Minh | ||
| 653 | |a con người | ||
| 653 | |a chính sách xã hội | ||
| 942 | |2 ddc |c STK0 | ||
| 999 | |c 9459 |d 9459 | ||
| 952 | |0 0 |1 0 |2 ddc |4 0 |6 335_434600000000000_T550T |7 0 |8 300 |9 75337 |a qbu |b qbu |c D2 |d 2015-05-11 |g 10000 |o 335.4346 T550t. |p 9133.c1 |r 0000-00-00 |w 2015-05-11 |y STK0 | ||
| 952 | |0 0 |1 0 |2 ddc |4 0 |6 335_434600000000000_T550T |7 0 |8 300 |9 75338 |a qbu |b qbu |c D2 |d 2015-05-11 |g 10000 |l 2 |m 2 |o 335.4346 T550t. |p 9133.c2 |r 2015-11-26 |s 2015-11-12 |w 2015-05-11 |y STK0 | ||
| 952 | |0 0 |1 0 |2 ddc |4 0 |6 335_434600000000000_T550T |7 0 |8 300 |9 75339 |a qbu |b qbu |c D2 |d 2015-05-11 |g 10000 |o 335.4346 T550t. |p 9133.c3 |r 0000-00-00 |w 2015-05-11 |y STK0 | ||
| 952 | |0 0 |1 0 |2 ddc |4 0 |6 335_434600000000000_T550T |7 0 |8 300 |9 75340 |a qbu |b qbu |c D2 |d 2015-05-11 |g 10000 |o 335.4346 T550t. |p 9133.c4 |r 0000-00-00 |w 2015-05-11 |y STK0 | ||
| 952 | |0 0 |1 0 |2 ddc |4 0 |6 335_434600000000000_T550T |7 0 |8 300 |9 75341 |a qbu |b qbu |c D2 |d 2015-05-11 |g 10000 |l 1 |o 335.4346 T550t. |p 9133.c5 |r 2017-12-15 |s 2017-12-14 |w 2015-05-11 |y STK0 | ||